000 00845cab a2200217 4500
001 ABS52459
008 090401t1995 xxu||||| |||| 00| 0 eng d
035 _a(Sirsi) u79535
041 _aeng
100 _aShapiro, Eric F.
245 _aProperty management in the process of recovery
260 _c1995
350 _a0
490 _aProperty Review
_v5(2) March 1995, 37-41(5)
520 _aAddresses a range of landlord and tenant issues in a discussion of how property management is affected by changing property cycle conditions. Length of term, upward/downward rent reviews, privity of contract, guarantor guarantors, repairs, service changes and obsolescence are covered.
650 _aECONOMIC CYCLES
690 _aCOMMERCIAL PROPERTY-MANAGEMENT
690 _aPROPERTY-LANDLORD AND TENANT
942 _n0
948 _c04/03/1997
999 _c50005
_d50005